000 01346nam a22003731i 4500
001 bslw10065433
005 20240305165653.0
006 m o d
007 cr un ---uuuua
008 230705s2017 ck d o 001 0 spa d
020 _a9789587714647
020 _a9789587714654
_q(eISBN)
035 _a38441
040 _aUtOrBLW
_beng
_erda
_cUtOrBLW
050 4 _aHF5686.C8
_bS56 2017
082 0 4 _a657.42
_223
100 1 _aSinisterra Valencia, Gonzalo,
_eauthor.
245 1 0 _aContabilidad de costos :
_bcon aproximación a las normas internacionales /
_cGonzalo Sinisterra Valencia, Carlos Augusto Rincón Soto.
250 _aSegunda edición.
264 1 _aBogotá, Colombia :
_bEcoe Ediciones,
_c2017.
300 _a1 online resource (xxii, 552 pages) :
_bcharts
336 _atext
_btxt
_2rdacontent
337 _acomputer
_bc
_2rdamedia
338 _aonline resource
_bcr
_2rdacarrier
490 1 _aColección: Ciencias Empresariales. Área: Contabilidad y Finanzas
500 _aIncludes index.
650 0 _aCost accounting.
650 0 _aCosts, Industrial.
650 0 _aAccounting
_xStandards.
700 1 _aRincón S., Carlos Augusto
_q(Rincón Soto),
_eauthor.
830 0 _aColección: Ciencias Empresariales.
_pContabilidad y Finanzas.
856 4 0 _uhttps://app.vlex.com/#/sources/38441
942 _cRAA
999 _c172933
_d172933